Lord of the Rings poem in Swedish (old version) Quiz Stats

 Plays Quiz not verified by Sporcle

Score 0/58 Timer 05:00
0 Plays Today
% Correct
i
75%
i
75%
en
75%
i
75%
En
75%
en
75%
en
75%
i
75%
I
75%
Tre
50%
ringar
50%
sju
50%
av
50%
nio
50%
som
50%
ring
50%
ring
50%
ring
50%
för
25%
älvkungarnas
25%
makt
25%
högt
25%
det
25%
blå,
25%
för
25%
dvärgarnas
25%
furstar
25%
salar
25%
sten
25%
% Correct
för
25%
dem
25%
dödliga
25%
köttets
25%
väg
25%
skall
25%
25%
för
25%
mörkrets
25%
herre
25%
Mordorlandets
25%
hisnande
25%
gruva
25%
att
25%
sämja
25%
dem
25%
att
25%
främja
25%
dem
25%
djupt
25%
mörkrets
25%
riken
25%
tämja
25%
dem
25%
Mordors
25%
land
25%
där
25%
skuggorna
25%
ruva
25%

You're not logged in!

Compare scores with friends on all Sporcle quizzes.
OR
Log In

Show Comments

Extras

Top Quizzes Today


Score Distribution

Your Account Isn't Verified!

In order to create a playlist on Sporcle, you need to verify the email address you used during registration. Go to your Sporcle Settings to finish the process.

Report this User

Report this user for behavior that violates our Community Guidelines.

Details: